Zgadnij kraj po napoju - Statystyki

Ogólne statystyki
  • Ten quiz został rozwiązany 39 razy
  • Średni wynik to 7 z 10
Statystyki odpowiedzi
Napój Kraj % Poprawnych
Coca-Cola Stany Zjednoczone
97%
Muszynianka Polska
94%
Kozel Czechy
91%
Fanta Niemcy
83%
Caipirinha Brazylia
60%
Mirinda Hiszpania
57%
Yerba mate Argentyna
51%
Schweppes Szwajcaria
51%
Țuică Rumunia
40%
Pálinka Węgry
37%
Nie znaleziono quizów pasujących do podanych kryteriów
Rozkład punktacji
Procent ludzi z każdym wynikiem
Percentyl według liczby udzielonych odpowiedzi
Twoja historia wyników
Nie rozwiązałeś tego quizu